Welcome to WEB OPAC of MRSPTU Central Library

Laboratory Manual of Fruit and Vegetables Products (Record no. 7495)

MARC details
000 -LEADER
fixed length control field 00480nam a2200181Ia 4500
008 - FIXED-LENGTH DATA ELEMENTS--GENERAL INFORMATION
fixed length control field 230711s9999||||xx |||||||||||||| ||und||
020 ## - INTERNATIONAL STANDARD BOOK NUMBER
International Standard Book Number 978-93-80655-02-4
041 ## - LANGUAGE CODE
Language code of text/sound track or separate title ENG
082 ## - DEWEY DECIMAL CLASSIFICATION NUMBER
Classification number 664
Item number CR-L
100 ## - MAIN ENTRY--PERSONAL NAME
Personal name Cruess, W.V
245 #0 - TITLE STATEMENT
Title Laboratory Manual of Fruit and Vegetables Products
250 ## - EDITION STATEMENT
Edition statement 1st Reserved Ed.
260 ## - PUBLICATION, DISTRIBUTION, ETC.
Date of publication, distribution, etc. 2013
Place of publication, distribution, etc. New Delhi
Name of publisher, distributor, etc. Axis Books(India)
300 ## - PHYSICAL DESCRIPTION
Extent 105p.
650 ## - SUBJECT ADDED ENTRY--TOPICAL TERM
Topical term or geographic name entry element Food Science and Technology
700 ## - ADDED ENTRY--PERSONAL NAME
Personal name Christie, A.W
942 ## - ADDED ENTRY ELEMENTS (KOHA)
Koha item type Book
Holdings
Withdrawn status Lost status Damaged status Not for loan Collection Home library Current library Date acquired Source of acquisition Cost, normal purchase price Inventory number Total checkouts Full call number Barcode Date last seen Price effective from Koha item type
          MRSPTU Central Library MRSPTU Central Library   Technical Bureau India PVT.LTD 495.00 TB47244713   664 CR-L P1887 08/17/2023 08/17/2023 Book
          MRSPTU Central Library MRSPTU Central Library   Technical Bureau India PVT.LTD 495.00 TB47244713   664 CR-L P1888 08/17/2023 08/17/2023 Book

Website Designed and Developed by MRSPTU Central Library Team

E-mail Id: librarian@mrsptu.ac.in